Bohumil Horyna : obrazy, kresby : Okresní muzeum a galerie Jičín, 16. února - 19. března 1989 /

Hlavní autor: Horyna, Bohumil, 1914-1993
Další autoři: Prokop, Jaroslav
Jazyk: Čeština
Vydáno: Jičín : Okresní muzeum a galerie, 1989
Témata:
Fyzický popis: 12 nečíslovaných stran : ilustrace ; 20 cm
Knihy
Uloženo v:
LEADER 01278nam a22003492i 4500
001 001531336
003 CZ BrMZK
005 20161017143127.0
007 ta
008 160615s1989 xr a er|||||||||||cze d
015 |a cnb000045419 
035 |a (OCoLC)39428368 
040 |a ABA001  |b cze  |d ABA001  |d BOA001  |e rda 
080 9 |a 75.071.1 Horyna, B. 
080 9 |a 75(437.1)"19":92Horyna(064) 
100 1 |a Horyna, Bohumil,  |d 1914-1993  |7 jn20000728202  |4 art 
245 1 0 |a Bohumil Horyna :  |b obrazy, kresby : Okresní muzeum a galerie Jičín, 16. února - 19. března 1989 /  |c [text] Jaroslav Prokop 
246 3 0 |a Obrazy, kresby 
264 1 |a Jičín :  |b Okresní muzeum a galerie,  |c 1989 
300 |a 12 nečíslovaných stran :  |b ilustrace ;  |c 20 cm 
336 |a text  |b txt  |2 rdacontent 
337 |a bez média  |b n  |2 rdamedia 
338 |a svazek  |b nc  |2 rdacarrier 
500 |a Životopisná data, přehled výstav a zastoupení ve sbírkách 
500 |a 500 výt. 
600 1 7 |a Horyna, Bohumil,  |d 1914-  |7 jn20000728202  |2 czenas 
655 7 |a katalogy výstav  |7 fd132536  |2 czenas 
700 1 |a Prokop, Jaroslav  |4 wfw 
910 |a BOA001  |b X-0938.789 
990 |a BK 
991 |b 201605 
996 6 |b 2619164331  |c X-0938.789  |l MZK  |r Sklad / do 24 hodin  |n 0  |w 001566265  |u 000010  |a 1  |e BOA001  |j MZK50  |s P